Normal view
MARC view
- Kibler, Robert J.
Entry Personal Name
001 - CONTROL NUMBER
- control field: 20581
003 - CONTROL NUMBER IDENTIFIER
- control field: OSt
005 - DATE AND TIME OF LATEST TRANSACTION
- control field: 20110303142554.0
008 - FIXED-LENGTH DATA ELEMENTS
- fixed length control field: 110303|||a|||||| | ||| d
040 ## - CATALOGING SOURCE
- Original cataloging agency: OSt
- Transcribing agency: OSt
100 ## - HEADING--PERSONAL NAME
- Personal name: Kibler, Robert J.
670 ## - SOURCE DATA FOUND
- Source citation: Work cat.: (OSt): Barker, Larry L 20578, Groups in process, c1983
670 ## - SOURCE DATA FOUND
- Source citation: Work cat.: (OSt): Barker, Larry L 20578, Groups in process, c1983
